Una aproximación a la educación artística en la escuela /
El arte como un medio lúdico y gozoso para aprender constituye el centro de reflexión del presente libro. Más allá de que pueda ser un fin en sí mismo, el estudio del arte es concebido aquí como un instrumento metodológico para facilitar el aprendizaje.
Bewaard in:
| Hoofdauteur: | |
|---|---|
| Formaat: | Boek |
| Taal: | Spaans |
| Gepubliceerd in: |
México :
Universidad Pedagógica Nacional, Dirección de Difusión y Extensión Universitaria,
2001, c2001
|
| Reeks: | (Educarte ;
1) |
| Onderwerpen: | |
| Tags: |
Geen labels, Wees de eerste die dit record labelt!
|
MARC
| LEADER | 00000nam^a2200000^a^4500 | ||
|---|---|---|---|
| 001 | 000174542 | ||
| 005 | 20250521000000.0 | ||
| 009 | 20260310101533.132 | ||
| 020 | |a 970-702-021-0 | ||
| 037 | |a Acervo ITESO - Biblioteca | ||
| 041 | |a ESP | ||
| 082 | |a 371. 33 |b EDU V. 1 | ||
| 100 | |a Morton Gómez, Victoria Eugenia |e (autor) | ||
| 245 | 1 | 4 | |a Una aproximación a la educación artística en la escuela / |c V.E. Morton Gómez. |
| 264 | 4 | |a México : |b Universidad Pedagógica Nacional, Dirección de Difusión y Extensión Universitaria, |c 2001, c2001 | |
| 300 | |a 191 p. | ||
| 336 | |a texto |b txt |2 rdacontenido | ||
| 337 | |a sin mediación |b n |2 rdamedio | ||
| 338 | |a volumen |b nc |2 rdasoporte | ||
| 440 | 1 | |a (Educarte ; |v 1) | |
| 520 | |a El arte como un medio lúdico y gozoso para aprender constituye el centro de reflexión del presente libro. Más allá de que pueda ser un fin en sí mismo, el estudio del arte es concebido aquí como un instrumento metodológico para facilitar el aprendizaje. | ||
| 649 | |a XX | ||
| 650 | |a Arte - |x Estudio y Enseñanza - |x Metodología | ||
| 650 | |a Arte - |x Estudio y Enseñanza - |x Teoría | ||
| 650 | |a Arte - |z México - |x Estudio y Enseñanza | ||
| 650 | |a Arte y Sociedad | ||
| 650 | |a Currículo | ||
| 650 | |a Aprendizaje | ||
| 650 | |a Apoyos Didácticos | ||
| 650 | |a Didáctica | ||
| 650 | |a Metodología Educativa | ||
| 650 | |a Proceso Educativo | ||
| 650 | |a Educación | ||
| 910 | |a Fondo General | ||
| 920 | |a Impresos - Libros | ||
| 930 | |a Colección General | ||
| 905 | |a 101 | ||
| 901 | |a 0500112155 |b IT1 |c ACC |u 20250521 | ||
| 902 | |a https://opac.biblio.iteso.mx/vufind/Record/000174542 | ||